| 000 | 00816nam a2200217 i 4500 | ||
|---|---|---|---|
| 001 | 185518 | ||
| 003 | SpMaBN | ||
| 005 | 20250824055550.0 | ||
| 008 | 160616s1976 sp c |||| |dspa d | ||
| 020 | _a84-238-0846-7 | ||
| 080 | _a821.134.2-22"19" | ||
| 100 | 0 |
_aMuñoz Hidalgo, Manuel, _d1939- _984434 |
|
| 245 | 1 | 0 |
_aPictodramas con artículo / _cpiezas cortas de Manuel Muñoz Hidalgo. |
| 260 |
_aMadrid : _bEscelicer, _c[1976] |
||
| 300 |
_a132 p. ; _c16 cm. |
||
| 490 | 1 |
_aColección teatro ; _v782 |
|
| 505 | 8 |
_aContiene: ; _tLa farsa de Gabriel ; _tEl préstamo ; _tUn día cualquiera ; _tEl tapiz ; _tSicutry: (amarga hierba) ; _tEl velatorio |
|
| 830 | 0 | 0 |
_aColección teatro (Escelicer) _v782 _9183149 |
| 852 |
_aES-MaACL _jL-30406 _z. - Donat. Carmen Zumárraga |
||
| 999 |
_c185518 _d185518 |
||